| 000 | 00349 a2200109 4500 | ||
|---|---|---|---|
| 001 | ART_7681 | ||
| 005 | 20260410161720.0 | ||
| 008 | 260409a | ||
| 245 | 1 | 0 | _aLas mediciones y la calidad de la información contable |
| 100 | 1 | _aBarbei, Alejandro A. | |
| 773 | 0 |
_tContabilidad y auditoría _g- Año 14, Nº 28 (dic. 2008) _wREV1723 |
|
| 999 |
_c16913 _d16913 |
||